000 00702nam a2200241Ia 4500
003 OSt
005 20220926024645.0
006 a|||||r|||| 00| 0
007 ta
008 220923b |||||||| |||| 00| 0 eng d
020 _c3995.00
037 _b1675, 09/03/2018, Dhanraj Book House
_cGeneral Book
040 _aRTL
_cRTL
_beng
041 _2eng
_aeng
100 _aBHATT Sandip K
245 0 _aCurrent issues in corporate governance
260 _aOxford
_bbook company
_c2013
300 _aviii,288p
_ccm.
650 _aCommerce
700 _a RATHOD p k
942 _cGB
_2CC
999 _c645115
_d645115